00506nam a2200145 4500010001500000020002700015035001400042037000900056082001500065100004900080245009200129260005800221270006100279300002000340 aENG-147632 c1728.00a9788197840531 aEN-131164 bDBAD a615.321b1 aManikanda R. ,BalodiBipin and AgrawalaDinesh aFlora of Govind Pashu Vihar Wildlife Sanctury,Uttarakhand/cby Swarupananda Brahmachari akolkatabThe Director Botanical Survey of Indiac2024 aBlock-F,5th&6th floor DF-Block,Sector 1bKolkatae700064 a438p.c25cm(hb)